Word Ladder: Two State Capitals Quiz Stats

 Plays Quiz Updated Feb 25, 2013

Support Sporcle.
Go Orange.
Score 0/29 Timer 03:00
0 Plays Today
Clue Answer % Correct
Four-Letter Words★ SALT ★
97.3%
Four-Letter Words★ LAKE ★
95.8%
Four-Letter WordsSALE
95.7%
Four-Letter WordsLIKE
93.9%
Four-Letter WordsSAKE
93.8%
Four-Letter Words★ CITY ★
92.4%
Four-Letter WordsPITS
87.9%
Four-Letter WordsPITY
86.3%
Four-Letter WordsPETS
86%
Four-Letter WordsCITE
84%
Four-Letter WordsUTAH
83.8%
Four-Letter WordsPTAS
82%
Four-Letter WordsPEAS
81.7%
Four-Letter WordsLITE
80.9%
Five-Letter Words★ BATON ★
79.2%
Clue Answer % Correct
Five-Letter WordsBARON
68.9%
Five-Letter Words★ ROUGE ★
68.1%
Four-Letter WordsPTAH
67.3%
Five-Letter WordsFORGE
66.9%
Five-Letter WordsBORON
63.1%
Five-Letter WordsMORON
61.7%
Five-Letter WordsGORGE
61%
Five-Letter WordsGOUGE
56%
Five-Letter WordsLOUISIANA
54.1%
Five-Letter WordsFORTE
53.3%
Five-Letter WordsTORTE
49.2%
Five-Letter WordsTORTS
47%
Five-Letter WordsTOROS
44.7%
Five-Letter WordsMOROS
39.7%

Today's Daily Dose

You're not logged in!

Compare scores with friends on all Sporcle quizzes.
OR
Log In

From the Vault

First Five: Music

by teedslaststand

Without music, the world would B flat.
Remove Ads.
Support Sporcle.
Get the best of Sporcle when you Go Orange. This ad-free experience offers more features, more stats, and more fun while also helping to support Sporcle. Thank you for becoming a member.

Show Comments

Extras

Top Quizzes Today


Score Distribution

Your Account Isn't Verified!

In order to create a playlist on Sporcle, you need to verify the email address you used during registration. Go to your Sporcle Settings to finish the process.

Report this User

Report this user for behavior that violates our Community Guidelines.

Details: